1619 1461 1409 1894 1859 1774 1340 1806 1352 1620 1627 1955 1713 1276 1905 1373 1166 1042 1350 1927 1123 1317 1479 1109 1838 1000 1810 1973 1344 1337 1485 1772 1544 1227 1750 1102 1855 1336 1542 1165 1175 1845 1120 1507 1065 1713 1554 1202 1300 1992 1585 1924 1513 1773 1706 1434 1103 1866 1095 1689 1217 1712 1888 1870 1345 1237 1956 1368 1420 1524 1078 1006 1236 1405 1244 1493 1495 1233 1119 1569 1965 1393 1967 1389 1902 1512 1872 1161 1390 1439 1659 1096 1137 1536 1432 1721 1912 1318 1875 BCNSPRNW ULIB Ver.6.0+V

เปลี่ยนเป็นภาษาไทย

Change to English
 แสดงรายละเอียดบรรณานุกรม
  กลับหน้าหลัก

Brief Record : Get Marc (ISO 2709) : E-mail record : QR code < ปิดหน้าต่าง
LEADER : 00000nam 2200000uu 4500
001    13399114657
003     ULIB
008    120427s2552||||th 000 0 tha d
020    ^a9786165020060
090    ^aนว.^bก831ค
100 0  ^aเก้าแต้ม
245 00 ^aคิมหันต์มายา/^cเก้าแต้ม
250    ^aพิมพ์ครั้งที่ 2
260    ^aกรุงเทพฯ :^bสถาพรบุ๊คส์,^c2552
300    ^a354 หน้า
945    ^p240^l0^i16428
995    ^aกัณชพร
999    ^aใช้งานได้ทุกระบบ
รายการนี้ยังไม่มีแท็ก
คุณยังไม่ได้ล็อกอิน คุณสามารถมีกิจกรรมร่วมกับเว็บไซต์ได้ แต่ต้องล็อกอินก่อน ::
  ล็อกอิน

รายการสื่อสารสนเทศ

ลำดับที่ ประเภท เลขเรียก/บาร์โค้ด สถานที่ สถานะ
1. นวนิยาย
นวนิยาย
นว. ก831ค  
  Barcode: 16428
ห้องสมุดวิทยาเขตสวรรค์ประชารักษ์
►นวนิยาย
บนชั้น
  ขอยืม

รายการใกล้เคียง
    ผู้แต่ง [เก้าแต้ม]

BibComment


ยังไม่เคยถูกคอมเมนท์

คอมเมนท์ทรัพยากรรายการนี้
  คอมเมนท์: คิมหันต์มายา เก้..


 Copyright 2026. Bcnsprnw @Library